EA FC26 All Gold Europe Players - Statistics

General Stats
  • This quiz has been taken 39 times
  • The average score is 18 of 67
Answer Stats
Rate Club Nation Answer % Correct
88 Atletico Madrid Slovenia Jan Oblak
96%
83 Liverpool Hungary Dominik Szoboszlai
93%
80 Man United Slovenia Benjamin Sesko
74%
82 Liverpool Hungary Milos Kerkez
74%
85 Leipzig Hungary Peter Gulacsi
67%
84 Leipzig Hungary Willi Orban
67%
79 Monaco Russia Alexandr Golovin
63%
81 Fiorentina Bosnia Edin Dzeko
63%
79 Brentford Ireland Caoimhin Kelleher
56%
78 Liverpool Northern Ireland Conor Bradley
48%
75 Spurs Romania Radu Dragusin
48%
83 Napoli Kosovo Amir Rrahmani
44%
79 Spurs Wales Brennan Johnson
41%
81 Monaco Finland Lukas Hradecky
41%
77 Napoli North Macedonia Eljif Elmas
37%
78 PSG Russia Matvey Safonov
37%
75 Spurs Wales Ben Davies
33%
79 Juventus Kosovo Edon Zhegrova
33%
79 Brentford Ireland Nathan Collins
33%
78 Nottingham Wales Neco Williams
33%
79 Fiorentina Iceland Albert Gudmundsson
30%
76 Fulham Wales Harry Wilson
30%
78 Lazio Montenegro Adam Marusic
26%
78 Atlanta United Russia Aleksey Miranchuk
26%
79 Rayo Vallecano Romania Andrei Ratiu
26%
79 Atalanta Albania Berat Djimsiti
26%
80 Stuttgart Bosnia Ermedin Demirovic
26%
76 Leeds United Wales Ethan Ampadu
26%
77 Leipzig Slovenia Kevin Kampl
26%
79 Atalanta Bosnia Sead Kolasinac
26%
79 Mallorca Kosovo Vedat Muriqi
26%
76 Everton Ireland Jake O'Brien
22%
78 Freiburg Hungary Roland Sallai
22%
78 Trabzonspor Montenegro Stefan Savic
22%
76 Leeds United Wales Daniel James
19%
76 Burnley Ireland Josh Cullen
19%
77 Genoa Romania Nicolae Stanciu
19%
79 Valencia North Macedonia Stole Dimitrievski
19%
75 Ipswich Town Ireland Dara O'Shea
15%
76 PSV Romania Dennis Man
15%
78 Lille Iceland Hakon Haraldsson
15%
77 Leeds United Slovenia Jaka Bijol
15%
76 Leeds United Wales Joe Rodon
15%
75 Udinese Slovenia Sandi Lovric
15%
76 Gaziantep Romania Alexandru Maxim
11%
75 Zhejiang Romania Alexandru Mitrita
11%
75 Burnley Ireland Connor Roberts
11%
75 Bournemouth Wales David Brooks
11%
77 St. Pauli Bosnia Nikola Vasilj
11%
75 Stade Reims Malta Teddy Teuma
11%
78 Trabzonspor Bosnia Edin Visca
7%
76 Rayo Vallecano Albania Ivan Balliu
7%
77 Benfica Luxembourg Leandro Barreiro
7%
76 Besiktas Kosovo Milot Rashica
7%
75 Austin Albania Myrto Uzuni
7%
75 Atalanta Montenegro Nikola Krstovic
7%
75 Rangers Finland Oliver Antman
7%
75 Panathinaikos Iceland Sverrir Ingason
7%
75 Al Khaleej Luxembourg Anthony Moris
4%
78 Ferencvaros Hungary Denes Dibusz
4%
75 Trabzonspor Albania Ernest Muci
4%
76 Kasimpasa Bosnia Haris Hajradinovic
4%
75 Sparta Prague Finland Kaan Kairinen
4%
77 PAOK Bulgaria Kiril Despodov
4%
77 Mallorca Albania Marash Kumbulla
4%
75 Como Kosovo Mergim Vojvoda
4%
75 Servette Bosnia Miroslav Stevanovic
4%
No matching quizzes found
Score Distribution
Percent of People with Each Score
Percentile by Number Answered
Your Score History
You have not taken this quiz